Vista normal
Vista MARC
Entrada Personal Name
Número de registros utilizados en: 1
001 - CONTROL NUMBER
- control field: 17530
003 - CONTROL NUMBER IDENTIFIER
- control field: DLC
005 - DATE AND TIME OF LATEST TRANSACTION
- control field: 20250930134128.0
008 - FIXED-LENGTH DATA ELEMENTS
- fixed length control field: 800714n| acannaabn |b aaa
010 ## - LIBRARY OF CONGRESS CONTROL NUMBER
- LC control number: n 80075538
035 ## - SYSTEM CONTROL NUMBER
- System control number: (OCoLC)oca00456941
040 ## - CATALOGING SOURCE
- Original cataloging agency: DLC
- Language of cataloging: spa
- Transcribing agency: Mx-PuUPA
- Modifying agency: OCoLC
- Modifying agency: NjP
- Modifying agency: Mx-PuUPA
- Description conventions: rda
100 1# - HEADING--PERSONAL NAME
- Personal name: Vázquez Ocaña, Fernando,
374 ## - OCCUPATION
- Occupation: Autor
375 ## - GENDER
- Gender: hombre
377 ## - ASSOCIATED LANGUAGE
- Language code: spa
400 1# - SEE FROM TRACING--PERSONAL NAME
- Personal name: Ocaña, Fernando Vázquez
670 ## - SOURCE DATA FOUND
- Source citation: His García Lorca, vida, cántico y muerte, 1962, c1957:
- Information found: t.p. (Fernando Vázquez Ocaña)
670 ## - SOURCE DATA FOUND
- Source citation: Pasión y muerte de la Segunda República española, 2007:
- Information found: t.p. (Fernando Vázquez Ocaña) p. 171 (b. Apr. 30, 1898 in Córdoba; d. Sept. 29, 1966 in México; journalist)